Balkan Countries and Capitals - Statistics

General Stats
  • This quiz has been taken 29 times
  • The average score is 22 of 24
Answer Stats
Answer % Correct
Albania
100%
Bosnia and Herzegovina
100%
Croatia
100%
Kosovo
100%
Montenegro
100%
North Macedonia
100%
Romania
100%
Serbia
100%
Bulgaria
96%
Greece
96%
Belgrade
91%
Slovenia
91%
Sofia
91%
Zagreb
91%
Athens
87%
Bucharest
83%
Ljubljana
83%
Skopje
83%
Tirana
83%
Ankara
78%
Podgorica
78%
Pristina
78%
Sarajevo
78%
Turkey
78%
No matching quizzes found
Score Distribution
Percent of People with Each Score
Percentile by Number Answered
Your Score History
You have not taken this quiz